02232nam a2200313 a 4500001001000000005001700010008004100027041000800068044000700076084002000083100004500103245008700148260004300235300004700278500021100325500035300536500055000889500001001439546002601449650005201475650005601527650003401583650004501617700005301662700005001715700005401765700004901819740005001868BRCA_317020190320204138.0120209s1746----ne-a---###---#000-0ddut-u adut ane a473b.H67c17461 aCervantes Saavedra, Miguel ded1547-161610aDe Voornaamste Gewallen van den Wonderlyken Don QuichotcM. de Cervantes Saavedra. aHage (Alemania)bPieter de Hondtc1746 a1 v. (en varias paginaciones)bil.c29 cm. aContenido : Primera parte. Vida de Cervantes resumen de la escrita por Mayáns, por J. Campo Wyerman. Composición política. Láminas con el texto explicativo de las mismas. Texto. Segunda parte. Texto aEdición : Door den Beroemden Picart dem Romein en Andere Voornaame Meesters in XXXI Kunstplaate, na de Uitmuntende Schilderyen van Coypel, in´t Koper Gebragt. Beschreeven op Een´vryen en Vrolyken Trant, Door Jacob Campo Wyerman. En Door den Zelfden met Gedichten ter Verklaaring van Iendere Kunftprint en het Leeven van M. de Cervantes Saavedra aSon las prncipales aventuras del admirable Don Quijote, pintadas por el renombradon Picart el Romano y otros principales maestros, en 31 estampas..., conforme el texto de Jacobo Campo Weyerman, y los argumentos en verso, con la explicación de cada lámina, y añadida la vida de Cervantes. Las leyendas que explican las láminas están redactadas en francés. Las 31 láminas componen la misma colección publicada en 1746 con el texto francés. Hermosa edición, espléndidamente impresa con buenos tipos. Pergamino Lúdovik Osterc aQMB94 aTexto en : holandés14aNovela españolayÉpoca clásica, 1500-170014aLiteratura españolayÉpoca clásica, 1500-170014aNovela españolaySiglo XVII14aDon Quijote (Personaje ficticio)eNovela1 aPicart Le Romain, Bernardd1673-1733eIlustrador1 aCoypel, Charles-Antoned1694-1752eIlustrador1 aMayans I. Siscar, Gregoriod1699-1781eBiógrafo1 aCampo Weyerman, Jacobod1677-1747eTraductor0 aEl Ingenioso Hidalgo Don Quijote de la Mancha